Basat-E-Mujaddadeen (Record no. 3122)
[ view plain ]
| 000 -LEADER | |
|---|---|
| fixed length control field | 00600nam a2200241 a 4500 |
| 020 ## - INTERNATIONAL STANDARD BOOK NUMBER | |
| ISBN | |
| 082 00 - DEWEY DECIMAL CLASSIFICATION NUMBER | |
| Classification number | 297.86 |
| Author Cutter | GEE |
| 100 ## - MAIN ENTRY--AUTHOR NAME | |
| Author name | Geelani, Syed Akhtar Hussain |
| 245 ## - TITLE STATEMENT | |
| Title | Basat-E-Mujaddadeen |
| 260 ## - PUBLICATION, DISTRIBUTION, ETC. (IMPRINT) | |
| Place of publication | Lahore |
| Name of publisher | Ahmadiyya Anjuman Ishaat-E-Islam |
| Year of publication | 1945 |
| 300 ## - PHYSICAL DESCRIPTION | |
| Number of Pages | 64p |
| 500 ## - GENERAL NOTE | |
| General note | includes index and biblioraphy |
| 505 2# - FORMATTED CONTENTS NOTE | |
| Formatted contents note | Index |
| 650 ## - SUBJECT ADDED ENTRY--TOPICAL TERM | |
| Topical Term | Ahmadiyyah |
| 942 ## - ADDED ENTRY ELEMENTS (KOHA) | |
| Koha item type | Books |
| 700 1# - | |
| -- | Geelani, Syed Akhtar Hussain |
| Collection code | Home library | Current library | Date acquired | Cost, normal purchase price | Full call number | Accession Number | Koha item type |
|---|---|---|---|---|---|---|---|
| Henry Martyn Institute Library | Henry Martyn Institute Library | 02/27/2008 | 100.00 | 297.86 GEE | 06656 | Books |
